Software Project Management (Record no. 346165)
[ view plain ]
| 000 -LEADER | |
|---|---|
| fixed length control field | 00273 a2200097 4500 |
| 090 ## - LOCALLY ASSIGNED LC-TYPE CALL NUMBER (OCLC); LOCAL CALL NUMBER (RLIN) | |
| -- | 3699 |
| -- | 3699 |
| 100 ## - MAIN ENTRY--PERSONAL NAME | |
| Personal name | kieron Conway |
| 245 ## - TITLE STATEMENT | |
| Title | Software Project Management |
| Remainder of title | From Concept to Deployment |
| 260 ## - PUBLICATION, DISTRIBUTION, ETC. | |
| Place of publication, distribution, etc. | Dreamtech Press |
| Name of publisher, distributor, etc. | New Delhi |
| Date of publication, distribution, etc. | 2001 |
| 942 ## - ADDED ENTRY ELEMENTS (KOHA) | |
| Institution code [OBSOLETE] | NBS |
| Koha item type | Book |
| Call number prefix | 005.1068 CON |
| Withdrawn status | Lost status | Damaged status | Not for loan | Permanent Location | Current Location | Shelving location | Date acquired | Total Checkouts | Full call number | Barcode | Date last seen | Date last checked out | Price effective from | Koha item type |
|---|---|---|---|---|---|---|---|---|---|---|---|---|---|---|
| Central Library (CL) | Central Library (CL) | First Floor - Software Engineering/ Programming Language | 08/28/2013 | 1 | 005.1068 CON | NBS4082 | 11/22/2017 | 07/18/2017 | 08/28/2013 | Book |
